| 000 | 00397nam a2200145 i 4500 | ||
|---|---|---|---|
| 001 | bg | ||
| 100 | 1 | _aOdlanicki-Poczobutt, Michał | |
| 245 | 1 | 0 |
_aGeodezja : _bpodręcznik dla studiów inżynieryjno-budowlanych / _cMichał Odlanicki-Poczobutt. |
| 250 | _aWyd.5 uzup. | ||
| 260 |
_aWarszawa, _c1982. |
||
| 040 | _cBPK | ||
| 041 | _apol | ||
| 942 | _cKS | ||
| 008 | s pl f |000 0 pol | ||
| 999 |
_c1776 _d1776 |
||
| 856 |
_uhttp://koha.tu.koszalin.pl/cgi-bin/koha/opac-detail.pl?biblionumber=1776 _yKatalog online BPK |
||